书目信息 |
| 题名: |
中华人民共和国合同法
|
|
| 作者: | 本书编委会编 | |
| 分册: | ||
| 出版信息: | 北京 法律出版社 2012 |
|
| 页数: | 11,166页 | |
| 开本: | 21cm | |
| 丛书名: | 法律单行本实用问题版丛书 | |
| 单 册: | ||
| 中图分类: | D923.64 | |
| 科图分类: | ||
| 主题词: | 合同法--基本知识--中国 , 合同法 | |
| 电子资源: | ||
| ISBN: | 978-7-5118-1364-0 | |
| 000 | 00852nam0 2200253 450 | |
| 001 | 523 | |
| 005 | 20140908085209.25 | |
| 010 | @a978-7-5118-1364-0@dCNY15.00 | |
| 100 | @a20120330d2012 em y0chiy50 ea | |
| 101 | 0 | @achi |
| 102 | @aCN@b110000 | |
| 105 | @ay zn 000yy | |
| 106 | @ar | |
| 200 | 1 | @a中华人民共和国合同法@e实用问题版@f本书编委会编 |
| 210 | @a北京@c法律出版社@d2012 | |
| 215 | @a11,166页@d21cm | |
| 225 | 2 | @a法律单行本实用问题版丛书@v4 |
| 330 | @a本书在介绍中华人民共和国合同法之后,以问答的形式介绍了与之相关的实用法律问题,内容包括:结婚约定适用《合同法》吗、订立合同的当事人需要具备什么条件、什么情形下合同终止等问题。 | |
| 410 | 0 | @12001 @a法律单行本实用问题版丛书 |
| 606 | 0 | @a合同法@x基本知识@y中国 |
| 606 | 0 | @a合同法 |
| 690 | @aD923.64@v5 | |
| 801 | 0 | @aCN@bTANGWEI@c20140603 |
| 905 | @b0842765-67@dD923.64@e1210@f3 | |
| 中华人民共和国合同法:实用问题版/本书编委会编.-北京:法律出版社,2012 |
| 11,166页;21cm.-(法律单行本实用问题版丛书;4) |
| ISBN 978-7-5118-1364-0:CNY15.00 |
| 本书在介绍中华人民共和国合同法之后,以问答的形式介绍了与之相关的实用法律问题,内容包括:结婚约定适用《合同法》吗、订立合同的当事人需要具备什么条件、什么情形下合同终止等问题。 |
| ● |
| 相关链接 |
|
|
|
|
正题名:中华人民共和国合同法
索取号:D923.64/1210
 
预约/预借
| 序号 | 登录号 | 条形码 | 馆藏地/架位号 | 状态 | 备注 |
| 1 | 0842765 | 208427656 | 第一样本阅览室/ [索取号:D923.64/1210] | 在馆 | |
| 2 | 0842766 | 208427665 | 密集书库-史法系/ [索取号:D923.64/1210] | 在馆 | |
| 3 | 0842767 | 208427674 | 第一借阅区/ [索取号:D923.64/1210] | 在馆 |